| 000 | 01002nas a2200337 4500 | ||
|---|---|---|---|
| 001 | BR0400262 | ||
| 003 | BR-BrBNA | ||
| 005 | 20231205104247.0 | ||
| 007 | ta | ||
| 008 | 230509b bl.|||p| |||| 00| 00por d | ||
| 040 |
_aBR-BrBNA _bpor _cBiblioteca Nacional de Agricultura |
||
| 041 | _a(Pt) | ||
| 072 | _aL70; L73 | ||
| 100 | 1 | _aSilva, L.A.F. | |
| 100 | 1 | _aCoelho, K.O. | |
| 100 | 1 | _aBueno, V.F.F. | |
| 100 | 1 | _aMesquita, A.J. | |
| 100 | 1 | _aFioravanti, M.C.S. | |
| 100 | 1 | _aNicolau, E.S. | |
| 100 | 1 | _aCastro, G.R. | |
| 245 | 1 | _aEstudo etiológico de abscessos mamários em vacas leiteiras e utilização do hipoclorito de sódio a 1 por cento no tratamento pós-operatório | |
| 650 | _aBOVINO | ||
| 650 | _aGLÂNDULA MAMÁRIA | ||
| 650 | _aABSCESSO | ||
| 650 | _aCIRURGIA | ||
| 650 | _aMEDICAMENTO | ||
| 650 | _aMAMITE | ||
| 773 | 0 |
_tNapgama (Brazil) _xISSN 1516-6384 _g(2002), v. 5(2) p. 7-11 _wBR0400262 |
|
| 909 |
_a202311 _bLúcia _c55 _dLúcia Elande |
||
| 942 |
_2AGRIS _n0 _cANA |
||
| 999 |
_c177236 _d177236 |
||